Исследование физических свойств и вещественного состава нефтей, газов и конденсатов новых месторождений Томской области; Исследование нефти Арчинского месторождения: Промежуточный отчет о НИР; Тема: х/д 5-14/86

Bibliografiske detaljer
Institution som forfatter: Томский политехнический институт (ТПИ) (595)
Andre forfattere: Смольянинов С. И. (руководитель), Немировская Г. Б. (исполнитель)
Sprog:russisk
Udgivet: Томск, 1988
Fag:
Format: MixedMaterials Bog
KOHA link:https://koha.lib.tpu.ru/cgi-bin/koha/opac-detail.pl?biblionumber=153510

MARC

LEADER 00000nbm0a2200000 4500
001 153510
005 20231031151428.0
029 0 0 |a SU  |b 01860111757  |f ТПУ 
035 |a (RuTPU)RU\TPU\book\166539 
035 |a RU\TPU\book\165868 
090 |a 153510 
100 |a 20090213d1988 k y0rusy50 ca 
101 0 |a rus 
102 |a RU 
105 |a a p 000zy 
200 1 |a Исследование физических свойств и вещественного состава нефтей, газов и конденсатов новых месторождений Томской области  |a Исследование нефти Арчинского месторождения  |e Промежуточный отчет о НИР  |e Тема: х/д 5-14/86  |f Томский политехнический институт (ТПИ) ; руководитель С. И. Смольянинов ; Г. Б. Немировская 
210 |a Томск  |d 1988 
215 |a 24 л. 
610 1 |a арчинская нефть 
610 1 |a физические свойства 
610 1 |a углеводородный состав 
610 1 |a товарные продукты 
610 1 |a характеристика 
610 1 |a конденсаты 
610 1 |a исследования 
610 1 |a нефть 
610 1 |a отчеты о НИР 
675 |a 553.982.08(04)  |v 3 
702 1 |a Смольянинов  |b С. И.  |4 673 
702 1 |a Немировская  |b Г. Б.  |4 677 
712 0 2 |a Томский политехнический институт (ТПИ)  |c (1944-1991)  |2 stltpush  |3 (RuTPU)RU\TPU\col\1123  |4 595 
801 1 |a RU  |b 63413507  |c 20090202  |g PSBO 
801 2 |a RU  |b 63413507  |c 20090213  |g PSBO 
942 |c BK